000 00597nam a22001817a 4500
005 20231114064654.0
008 231114b |||||||| |||| 00| 0 eng d
020 _a9780702120367
041 _aEnglish
082 _a345 SOU
100 _aHoctor, SV ; Cowling, MG and Milton, JRL
_lEnglish
245 _aSouth African Criminal Law and Procedure /
_cSV Hoctor, MG Cowling and JRL Milton
250 _aSecond Edition
260 _aCape Town :
_bJuta and Company (Pty) Ltd,
_c1988
300 _bx,
_c26 cm.
650 _aLegal practice
_bLaw
942 _cBK
_6ALISON_BN_VRIES
999 _c596
_d596